When we went first class / (Record no. 1168)

MARC details
000 -LEADER
fixed length control field 00921cam a2200301Ja 4500
003 - CONTROL NUMBER IDENTIFIER
control field data
005 - DATE AND TIME OF LATEST TRANSACTION
control field 20260322212049.0
008 - FIXED-LENGTH DATA ELEMENTS--GENERAL INFORMATION
fixed length control field data
010 ## - LIBRARY OF CONGRESS CONTROL NUMBER
LC control number 90004825
020 ## - INTERNATIONAL STANDARD BOOK NUMBER
International Standard Book Number 0813810833
020 ## - INTERNATIONAL STANDARD BOOK NUMBER
International Standard Book Number 9780813810836
040 ## - CATALOGING SOURCE
Original cataloging agency DLC
Transcribing agency DLC
Modifying agency CIN
043 ## - GEOGRAPHIC AREA CODE
Geographic area code n-us---
050 00 - LIBRARY OF CONGRESS CALL NUMBER
Classification number E169
Item number .W64 1990
082 00 - DEWEY DECIMAL CLASSIFICATION NUMBER
Classification number 917.304/91
Edition information 20
092 ## - LOCALLY ASSIGNED DEWEY CALL NUMBER (OCLC)
Classification number 917.304 W64 1990
001 - CONTROL NUMBER
control field data
100 1# - MAIN ENTRY--PERSONAL NAME
Personal name Williamson, Ellen.
245 10 - TITLE STATEMENT
Title When we went first class /
Statement of responsibility, etc. Ellen Williamson.
250 ## - EDITION STATEMENT
Edition statement 1st Iowa heritage collection ed.
260 ## - PUBLICATION, DISTRIBUTION, ETC.
Place of publication, distribution, etc. Ames, Iowa :
Name of publisher, distributor, etc. Iowa State University Press,
Date of publication, distribution, etc. 1990.
300 ## - PHYSICAL DESCRIPTION
Extent xii, 250 p. ;
Dimensions 22 cm.
440 #0 - SERIES STATEMENT/ADDED ENTRY--TITLE
Title Iowa heritage collection.
500 ## - GENERAL NOTE
General note Reprint. Originally published: Garden City, N.Y. : Doubleday, 1977.
600 10 - SUBJECT ADDED ENTRY--PERSONAL NAME
Personal name Williamson, Ellen
General subdivision Travel
Geographic subdivision United States.
651 #0 - SUBJECT ADDED ENTRY--GEOGRAPHIC NAME
Geographic name United States
General subdivision Description and travel.
651 #0 - SUBJECT ADDED ENTRY--GEOGRAPHIC NAME
Geographic name United States
General subdivision Social life and customs
Chronological subdivision 1918-1945.
Holdings
Withdrawn status Lost status Damaged status Not for loan Home library Current library Shelving location Date acquired Total checkouts Full call number Barcode Date last seen Price effective from Koha item type
        Midway Midway General stacks 22/03/2026   917.304/91 20 BC0011206 22/03/2026 22/03/2026 Books